000 00458cam a22001934a 4500
005 20250605164155.0
008 250528s ||||||||||||||||||||||||d
035 _a19541
020 _a803928319
040 _aGR-AtMCL
_bgre
_dGR-AtMCL
_eAACR2
245 1 _aCREATIVE ORGANIZATION THEORY
250 _a1
260 _bYale University Press,
_c1989
300 _a369
700 1 _aMorgan Gareth
_9608
942 _cBK
999 _c4797
_d4797